茨城県の市町村 人口順 - Statistics

General Stats
  • This quiz has been taken 53 times
  • The average score is 31 of 44
Answer Stats
Answer 人口 % Correct
1 水戸市 266,965
100%
2 つくば市 259,618
100%
3 日立市 163,300
100%
4 ひたちなか市 153,213
94%
5 土浦市 142,202
94%
7 取手市 103,617
92%
6 古河市 137,088
86%
18 つくばみらい市 51,384
86%
23 常陸太田市 44,743
86%
26 北茨城市 39,130
86%
10 牛久市 83,549
83%
29 常陸大宮市 36,592
83%
35 高萩市 25,609
83%
27 かすみがうら市 38,771
78%
11 龍ケ崎市 74,886
75%
14 石岡市 69,248
75%
15 鹿嶋市 64,853
75%
9 神栖市 93,779
72%
13 守谷市 69,923
72%
24 鉾田市 44,543
72%
32 行方市 29,928
72%
8 筑西市 97,264
69%
12 笠間市 70,817
69%
16 常総市 58,887
69%
22 小美玉市 46,997
69%
25 下妻市 41,499
69%
28 東海村 37,657
69%
17 那珂市 52,299
67%
19 坂東市 50,845
67%
34 潮来市 26,093
67%
40 大洗町 14,681
67%
21 結城市 48,947
64%
31 桜川市 36,120
64%
20 阿見町 50,171
61%
41 大子町 13,995
58%
42 美浦村 13,712
56%
33 茨城町 29,892
53%
43 五霞町 7,651
53%
30 稲敷市 36,244
50%
37 八千代町 20,304
47%
38 城里町 16,908
44%
39 利根町 14,816
44%
44 河内町 7,432
42%
36 境町 23,877
39%
No matching quizzes found
Score Distribution
Percent of People with Each Score
Percentile by Number Answered
Your Score History
You have not taken this quiz